000
00308nam a2200121Ia 4500
008
190216s9999||||xx |||||||||||||| ||und||
100
_a
Null
245
0
_a
American Literature An Anthology With Critical Introductions
260
_b
Faber And Faber
300
_a
712
650
_a
English Poetry
942
_c
BK
999
_c
12894
_d
12894